The Journal of Real Estate Finance and Economics (Record no. 119157)

MARC details
000 -LEADER
fixed length control field 00478cas a22001695a 4500
001 - CONTROL NUMBER
control field L142023
008 - FIXED-LENGTH DATA ELEMENTS--GENERAL INFORMATION
fixed length control field 080122c1988 xxuzr p 0 a0eng u
022 1# - INTERNATIONAL STANDARD SERIAL NUMBER
International Standard Serial Number 0895-5638
035 ## - SYSTEM CONTROL NUMBER
System control number (Sirsi) u142023
041 0# - LANGUAGE CODE
Language code of text/sound track or separate title eng
245 04 - TITLE STATEMENT
Title The Journal of Real Estate Finance and Economics
260 3# - PUBLICATION, DISTRIBUTION, ETC.
Place of publication, distribution, etc. New York
Name of publisher, distributor, etc. Springer
Date of publication, distribution, etc. 2005-
260 2# - PUBLICATION, DISTRIBUTION, ETC.
Place of publication, distribution, etc. Boston
Name of publisher, distributor, etc. Kluwer Academic Publishers
Date of publication, distribution, etc. 1988-2005
362 0# - DATES OF PUBLICATION AND/OR SEQUENTIAL DESIGNATION
Dates of publication and/or sequential designation 24(1) January 2002-(Incomplete)
651 #4 - SUBJECT ADDED ENTRY--GEOGRAPHIC NAME
Geographic name International
942 ## - ADDED ENTRY ELEMENTS (KOHA)
Suppress in OPAC 0
Source of classification or shelving scheme Dewey Decimal Classification
Holdings
Withdrawn status Lost status Source of classification or shelving scheme Damaged status Not for loan Home library Current library Shelving location Date acquired Total Checkouts Full call number Barcode Date last seen Price effective from Koha item type
    Dewey Decimal Classification     London London Gallery 22/01/2008   JOURNAL OF REAL ESTATE FINANCE & ECONOM 142023-1001 06/08/2019 06/08/2019 Journal